[Event "GER-ch NSV Online 1st"]
[Site "Playchess.com INT"]
[Date "2020.04.26"]
[Round "10"]
[White "Grossmann, Pascal"]
[Black "Grosselohmann, Gerhard Heinrich"]
[Result "0-1"]
[WhiteElo "1620"]
[BlackElo "1965"]
[PlyCount "60"]
[EventDate "2020.04.26"]
[EventType "swiss (blitz)"]
[EventRounds "13"]
[EventCountry "GER"]
[SourceTitle "CBM 196 Extra"]
[Source "ChessBase"]
[SourceDate "2020.07.31"]
[SourceVersion "1"]
[SourceVersionDate "2020.07.31"]
[SourceQuality "1"]

1. d4 Nf6 2. c4 c5 3. d5 b5 4. cxb5 a6 5. bxa6 Bxa6 6. Nc3 d6 7. Nf3 g6 8. e4 Bxf1 9. Kxf1 Bg7 10. g3 Nbd7 11. Kg2 0-0 12. Bg5 Qb6 13. Qe2 Rfb8 14. Rhb1 h6 15. Bd2 Ne8 16. a4 Nc7 17. Ra3 Na6 18. Nb5 Nc7 19. Nxc7 Qxc7 20. a5 Bxb2 21. Ra2 Bg7 22. Rxb8+ Rxb8 23. Ne1 Qb7 24. a6 Qa7 25. Nc2 Rb6 26. Ne3 Nb8 27. Nc4 Rxa6 28. Rb2 Bxb2 29. Nxb2 Ra2 30. Nd3 Qa5 0-1